000 01006cam a22002294a 4500
005 20250605164104.0
008 250528s ||||||||||||||||||||||||d
035 _a17650
020 _a9789332539150
040 _aGR-AtMCL
_bgre
_dGR-AtMCL
_eAACR2
245 1 _aRouting and Switching Essentials / Companion Guide
250 _a1st
260 _c2015
300 _a818
520 _aThis course describes the architecture, components, and operations of routers and switches in a small network. Introduction, Introduction to Switched Networks, Basic Switching Concepts and Configuration, VLANs, Routing Concepts, Inter-VLAN Routing, Static Routing, Routing Dynamically, Single-Area OSPF, Access Control Lists, DHCP, Network Address Translation for IPv4, Answers to the ''Check Your Understanding'' Questions, Glossary, Index.
700 1 _aEmpson Scott
_93836
700 1 _aSchmidt Cheryl
_93837
942 _cBK
710 2 _aCisco Networking Academy
_99747
999 _c3052
_d3052